Computing Essentials 2000-01: Intro Edition (Record no. 5296)
[ view plain ]
| 000 -LEADER | |
|---|---|
| fixed length control field | 00450 a2200157 4500 |
| 020 ## - INTERNATIONAL STANDARD BOOK NUMBER | |
| International Standard Book Number | 002362472 |
| 082 ## - DEWEY DECIMAL CLASSIFICATION NUMBER | |
| Classification number | 004 |
| 090 ## - LOCALLY ASSIGNED LC-TYPE CALL NUMBER (OCLC); LOCAL CALL NUMBER (RLIN) | |
| -- | 1341 |
| -- | 1341 |
| 100 ## - MAIN ENTRY--PERSONAL NAME | |
| Personal name | O'Leary , Linda I. |
| 245 ## - TITLE STATEMENT | |
| Title | Computing Essentials 2000-01: Intro Edition |
| Statement of responsibility, etc. | Timothy J. O'Leary |
| 260 ## - PUBLICATION, DISTRIBUTION, ETC. | |
| Place of publication, distribution, etc. | New York: |
| Name of publisher, distributor, etc. | McGraw-Hill, |
| Date of publication, distribution, etc. | c2000. |
| 300 ## - PHYSICAL DESCRIPTION | |
| Extent | xxix , 24 p ; |
| Other physical details | ill : |
| Dimensions | 25 cm |
| 500 ## - GENERAL NOTE | |
| General note | Includes Index |
| 650 ## - SUBJECT ADDED ENTRY--TOPICAL TERM | |
| Topical term or geographic name entry element | 1.Computers 2. Electronic Data Processing |
| 942 ## - ADDED ENTRY ELEMENTS (KOHA) | |
| Koha item type | Book |
| Call number prefix | 004 OLE |
| Withdrawn status | Lost status | Damaged status | Not for loan | Collection code | Permanent Location | Current Location | Shelving location | Date acquired | Source of acquisition | Full call number | Barcode | Date last seen | Price effective from | Koha item type |
|---|---|---|---|---|---|---|---|---|---|---|---|---|---|---|
| NUST Law School (NLS) | NUST Law School (NLS) | First Floor - Computer Science | 02/10/2003 | Donation | 004 OLE | SEECS003112 | 11/14/2012 | 01/05/2017 | Book |
